| Tag |
First Indicator |
Second Indicator |
Subfields |
| LEADER |
00000cam a2200000 a 4500 |
| 001 |
in00000978621 |
| 005 |
20150927113402.0 |
| 008 |
870501s1986 fr b 00100 eng d |
| 020 |
|
|
|a 928321241X
|
| 035 |
|
|
|a (OCoLC)15618204
|
| 035 |
|
|
|9 AEW6478AM
|
| 040 |
|
|
|a ULO
|c ULO
|d m/c
|d CHS
|d TXA
|d UtOrBLW
|
| 049 |
|
|
|a TXAM
|
| 090 |
|
|
|a RC268.57
|b .I57 v. 41
|
| 096 |
|
|
|a QZ 202 I11 v.41 1986
|
| 110 |
2 |
|
|a International Agency for Research on Cancer.
|
| 245 |
1 |
0 |
|a Some halogenated hydrocarbons and pesticide exposures.
|
| 264 |
|
1 |
|a Lyon, France :
|b International Agency for Research on Cancer :
|c 1986.
|
| 264 |
|
2 |
|a Lyon, France :
|b Distributed by the Secretariat of the World Health Organization,
|
| 300 |
|
|
|a 434 pages ;
|c 25 cm.
|
| 336 |
|
|
|a text
|b txt
|2 rdacontent
|
| 337 |
|
|
|a unmediated
|b n
|2 rdamedia
|
| 338 |
|
|
|a volume
|b nc
|2 rdacarrier
|
| 490 |
1 |
|
|a IARC monographs on the evaluation of the carcinogenic risk of chemicals to humans,
|x 0250-9555 ;
|v v. 41
|
| 500 |
|
|
|a "This publication represents the views and expert opinions of an IARC Working Group on the Evaluation of the Carcinogenic Risk of Chemicals to Humans which met in Lyon, 4-11 February, 1986."
|
| 500 |
|
|
|a At head of title: World Health Organization.
|
| 504 |
|
|
|a Includes bibliographies and cumulative index.
|
| 650 |
|
0 |
|a Carcinogens
|v Congresses.
|
| 650 |
|
0 |
|a Hydrocarbons, Halogenated.
|
| 650 |
|
0 |
|a Pesticides.
|
| 650 |
|
2 |
|a Carcinogens
|x congresses.
|
| 650 |
|
2 |
|a Hydrocarbons, Halogenated
|x congresses.
|
| 650 |
|
2 |
|a Pesticides
|x congresses.
|
| 710 |
2 |
|
|a World Health Organization.
|
| 830 |
|
0 |
|a IARC monographs on the evaluation of the carcinogenic risk of chemicals to man. ;
|v v. 41.
|
| 999 |
|
|
|a MARS
|
| 999 |
f |
f |
|s ef4cea4b-40bb-33b8-89d2-ea66c5e02526
|i c2189685-fcb0-3f6e-8672-84353297ac71
|t 0
|
| 952 |
f |
f |
|p ric
|a Texas A&M University
|b Rellis Campus
|c Joint Library Facility
|d Remote Storage
|t 0
|e RC268.57 .I57 v.41
|h Library of Congress classification
|i unmediated -- volume
|m A14814099733
|
| 998 |
f |
f |
|a RC268.57 .I57 v.41
|t 0
|l Remote Storage
|